000 01115nam a22002537a 4500
005 20240530110841.0
008 200912s2020 ua a g b 000 0dara d
017 _a2019/22451
_bمصر. دار الكتب
020 _a9789773224219
040 _aEG-CaGPL
_cEG-CaGPL
082 0 4 _221
_a813.081
_b/ق/إ ح
100 0 _aاسماعيل مظهر
245 0 2 _aالحب الاول او قيصر وكليوبطرا مصر فى قيصرية الاسكندر المقدونى :
_bروايات تاريخية /
_cتاليف اسماعيل مظهر ؛ تقديم احمد الهوارى ؛ تحرير اسماعيل جلال مظهر
250 _aط.1
260 _aالقاهرة :
_bعين للدراسات و البحوث الانسانية و الاجتماعية،
_c2020
300 _a103 ص. ؛
_c24 سم.
650 0 7 _2qrmak
_aالقصص العربية
650 0 7 _aالقصص التاريخية
_2qrmak
651 _2qrmak
700 0 _aاحمد الهوارى
_eمقدم
700 0 _aاسماعيل جلال مظهر
_eمحرر
942 _2ddc
_cBK
999 _c65740
_d65740